| 000 -LEADER |
| fixed length control field |
00716nam a22001577a 4500 |
| 005 - DATE AND TIME OF LATEST TRANSACTION |
| control field |
20231221113941.0 |
| 008 - FIXED-LENGTH DATA ELEMENTS--GENERAL INFORMATION |
| fixed length control field |
231221s1966 ru ||||| |||| 00| 0 rus d |
| 041 ## - LANGUAGE CODE |
| Language code of text/sound track or separate title |
rus |
| 080 ## - UNIVERSAL DECIMAL CLASSIFICATION NUMBER |
| Universal Decimal Classification number |
821.124 B-74 |
| 245 ## - TITLE STATEMENT |
| Title |
Вопросы античной литературы и классической филологии / |
| Statement of responsibility, etc. |
Oтв. ред.М.Л. Гаспаров; АН СССР; Ин-т мировой лит. им. А. М. Горького. |
| 264 ## - PRODUCTION, PUBLICATION, DISTRIBUTION, MANUFACTURE, AND COPYRIGHT NOTICE |
| Place of production, publication, distribution, manufacture |
М.: |
| Name of producer, publisher, distributor, manufacturer |
Наука, |
| Date of production, publication, distribution, manufacture, or copyright notice |
1966. |
| 300 ## - PHYSICAL DESCRIPTION |
| Extent |
536 c. ; |
| Other physical details |
22 см. |
| 700 ## - ADDED ENTRY--PERSONAL NAME |
| Personal name |
Гаспаров, М.Л. |
| Relator term |
რედაქტორი |
| 9 (RLIN) |
20499 |
| 710 ## - ADDED ENTRY--CORPORATE NAME |
| Corporate name or jurisdiction name as entry element |
АН СССР; |
| Date of meeting or treaty signing |
Ин-т мировой лит. им. А. М. Горького |
| 9 (RLIN) |
20832 |
| 942 ## - ADDED ENTRY ELEMENTS (KOHA) |
| Source of classification or shelving scheme |
|
| Koha item type |
წიგნი |